00495nam a2200133Ia 4500008004100000100002300041245009700064245007800161260006600239260000900305300002500314500000900339650001300348170224s9999 xx 000 0 und d aAndreas M. Ryschka 4aThe Effect of Social Media on Reputation During a Crisis Event in the Cruise Line Industry  cAndreas M. Ryschka, Darla J. Domke-Damonte, J. Kay Keels & Ruediger Nagel bInternational Journal of Hospitality & Tourism Administration c2016 a17:2, Pages: 198-221 a2016 xTourism.